[Event "POL-chT 2nd League"]
[Site "Jastrzebia Gora"]
[Date "2016.09.04"]
[Round "2.83"]
[White "Matuszczyk, Krystian"]
[Black "Skowronski, Piotr"]
[Result "0-1"]
[WhiteElo "1853"]
[BlackElo "2042"]
[PlyCount "52"]
[EventDate "2016.09.03"]
[EventType "team-swiss"]
[EventRounds "9"]
[EventCountry "POL"]
[SourceTitle "EXT 2017"]
[Source "ChessBase"]
[SourceDate "2016.10.25"]
[SourceVersion "1"]
[SourceVersionDate "2016.10.25"]
[SourceQuality "1"]
[WhiteTeam "Ruda Slaska KS DORS"]
[BlackTeam "Bydgoszcz Hetman"]
[WhiteTeamCountry "POL"]
[BlackTeamCountry "POL"]

1. e4 d6 2. d4 Nf6 3. Nc3 c6 4. f4 Bg4 5. Nf3 e6 6. h3 Bxf3 7. Qxf3 d5 8. e5 Nfd7 9. Be3 g6 10. Bd3 Na6 11. a3 Nc7 12. g4 c5 13. 0-0-0 c4 14. Bxc4 dxc4 15. d5 Nxd5 16. Nxd5 exd5 17. Rxd5 Qc7 18. Rhd1 0-0-0 19. Bxa7 Be7 20. b4 cxb3 21. Qxb3 b6 22. a4 Qxa7 23. Rb5 Nc5 24. Qc4 Rxd1+ 25. Kxd1 Rd8+ 26. Kc1 Qd7 0-1

[Event "POL-chT2"]
[Site "Poronin"]
[Date "2013.09.12"]
[Round "6.88"]
[White "Szczesniak, Konrad"]
[Black "Matuszczyk, Krystian"]
[Result "1-0"]
[WhiteElo "2155"]
[BlackElo "2019"]
[PlyCount "61"]
[EventDate "2013.09.06"]
[EventType "team-swiss"]
[EventRounds "9"]
[EventCountry "POL"]
[SourceTitle "EXT 2015"]
[Source "ChessBase"]
[SourceDate "2014.11.20"]
[SourceVersion "1"]
[SourceVersionDate "2014.11.20"]
[SourceQuality "1"]
[WhiteTeam "Prudnik LKS Zarzewie"]
[BlackTeam "Ruda Slaska KS DORS"]
[WhiteTeamCountry "POL"]
[BlackTeamCountry "POL"]

1. d4 g6 2. Nf3 Bg7 3. c3 d6 4. Bg5 Nf6 5. Nbd2 h6 6. Bh4 0-0 7. e3 c6 8. Bd3 b6 9. Qb3 Nbd7 10. Bxg6 Bb7 11. 0-0-0 a5 12. Bb1 b5 13. Qc2 a4 14. g4 d5 15. Rhg1 a3 16. b3 b4 17. cxb4 c5 18. bxc5 Ne4 19. g5 h5 20. Nxe4 dxe4 21. g6 f5 22. Qc4+ Kh8 23. Rg5 Nf6 24. Ne5 Bd5 25. Qe2 Qa5 26. Rxh5+ Kg8 27. Rxf5 Bxb3 28. axb3 a2 29. Qxa2 Qb4 30. Qb2 Ra3 31. Nc6 1-0

[Event "POL-chT2"]
[Site "Poronin"]
[Date "2013.09.09"]
[Round "3.88"]
[White "Matuszczyk, Krystian"]
[Black "Czapiewski, Waldemar"]
[Result "0-1"]
[WhiteElo "2019"]
[BlackElo "1887"]
[PlyCount "73"]
[EventDate "2013.09.06"]
[EventType "team-swiss"]
[EventRounds "9"]
[EventCountry "POL"]
[SourceTitle "EXT 2015"]
[Source "ChessBase"]
[SourceDate "2014.11.20"]
[SourceVersion "1"]
[SourceVersionDate "2014.11.20"]
[SourceQuality "1"]
[WhiteTeam "Ruda Slaska KS DORS"]
[BlackTeam "Chojnice UKS Osemka"]
[WhiteTeamCountry "POL"]
[BlackTeamCountry "POL"]

1. e4 c5 2. Nf3 Nc6 3. d4 cxd4 4. Nxd4 Nf6 5. Nc3 e6 6. g3 Bb4 7. Bg2 0-0 8. 0-0 a6 9. Be3 Bxc3 10. bxc3 Qc7 11. Nb3 d6 12. a4 b6 13. f4 e5 14. f5 Bb7 15. g4 Ne7 16. g5 Nxe4 17. Qg4 Qxc3 18. Rae1 Qxc2 19. Nc1 d5 20. Bxb6 Bc8 21. Bxe4 dxe4 22. Qxe4 Bxf5 23. Qxe5 Be6 24. a5 Nc6 25. Qe3 Qa4 26. Qf4 Qb5 27. h4 Nxa5 28. Bd4 Nc6 29. Bf2 Bc4 30. Be3 Bxf1 31. Rxf1 Qe5 32. Qf3 Rae8 33. Bf4 Qe4 34. Qf2 Re6 35. Nb3 Qc4 36. Nd2 Qd4 37. Kg2 0-1

[Event "POL-chT2"]
[Site "Poronin"]
[Date "2013.09.08"]
[Round "2.71"]
[White "Matuszczyk, Krystian"]
[Black "Swiatnicki, Andrzej"]
[Result "0-1"]
[WhiteElo "2019"]
[BlackElo "2117"]
[PlyCount "116"]
[EventDate "2013.09.06"]
[EventType "team-swiss"]
[EventRounds "9"]
[EventCountry "POL"]
[SourceTitle "EXT 2015"]
[Source "ChessBase"]
[SourceDate "2014.11.20"]
[SourceVersion "1"]
[SourceVersionDate "2014.11.20"]
[SourceQuality "1"]
[WhiteTeam "Ruda Slaska KS DORS"]
[BlackTeam "Konin Hetman"]
[WhiteTeamCountry "POL"]
[BlackTeamCountry "POL"]

1. e4 e5 2. Nf3 Nc6 3. Bb5 f5 4. Nc3 Nf6 5. d3 fxe4 6. dxe4 Bc5 7. 0-0 d6 8. h3 0-0 9. Na4 Bb6 10. Nxb6 axb6 11. c3 Kh8 12. Qe2 Be6 13. b4 Qe8 14. Bc4 d5 15. exd5 Nxd5 16. Bd2 Qh5 17. Ng5 Qxe2 18. Bxe2 Bc8 19. a4 Nf4 20. Bxf4 exf4 21. Nf3 Re8 22. Bb5 Be6 23. Nh2 Re7 24. Rfd1 Bb3 25. Rd2 Ne5 26. a5 c6 27. Bf1 g5 28. Rb1 Bc4 29. Rd4 Bxf1 30. Kxf1 bxa5 31. bxa5 Rxa5 32. Re1 Ng6 33. Rxe7 Nxe7 34. Rd7 Nd5 35. c4 Nc3 36. g3 fxg3 37. fxg3 Ra1+ 38. Kg2 Ra2+ 39. Kh1 b5 40. cxb5 cxb5 41. Ng4 Ne4 42. Kg1 h5 43. Ne5 Kg8 44. Rb7 Rb2 45. g4 h4 46. Nc6 Nc5 47. Rc7 Nd3 48. Rb7 Nf4 49. Nd4 b4 50. Nf5 b3 51. Kf1 Nxh3 52. Nd4 Rf2+ 53. Ke1 b2 54. Ne2 Rg2 55. Rxb2 Rxg4 56. Rb7 Nf4 57. Nc3 h3 58. Kf2 Rg2+ 0-1

[Event "Chorzow Bak Memorial op"]
[Site "Chorzow"]
[Date "2010.11.16"]
[Round "6"]
[White "Matuszczyk, Krystian"]
[Black "Gora, Tomasz"]
[Result "1-0"]
[WhiteElo "2049"]
[BlackElo "1921"]
[PlyCount "33"]
[EventDate "2010.11.13"]
[EventType "swiss"]
[EventRounds "9"]
[EventCountry "POL"]
[SourceTitle "EXT 2012"]
[Source "ChessBase"]
[SourceDate "2011.11.24"]
[SourceVersion "1"]
[SourceVersionDate "2011.11.24"]
[SourceQuality "1"]

1. e4 e6 2. d4 d5 3. Nc3 Nf6 4. e5 Nfd7 5. Nce2 b6 6. g3 Ba6 7. a3 c5 8. c3 Be7 9. Bg2 0-0 10. Nh3 Nc6 11. Be3 Rc8 12. 0-0 f6 13. Nhf4 Kf7 14. Nxe6 Kxe6 15. Nf4+ Kf7 16. Bxd5+ Ke8 17. Ne6 1-0

[Event "Chorzow Bak Memorial op"]
[Site "Chorzow"]
[Date "2010.11.14"]
[Round "3"]
[White "Galyga, Jozef"]
[Black "Matuszczyk, Krystian"]
[Result "1-0"]
[WhiteElo "1903"]
[BlackElo "2049"]
[PlyCount "65"]
[EventDate "2010.11.13"]
[EventType "swiss"]
[EventRounds "9"]
[EventCountry "POL"]
[SourceTitle "EXT 2012"]
[Source "ChessBase"]
[SourceDate "2011.11.24"]
[SourceVersion "1"]
[SourceVersionDate "2011.11.24"]
[SourceQuality "1"]

1. e4 c5 2. Nf3 d6 3. g3 e6 4. Bg2 g6 5. 0-0 Bg7 6. c3 Ne7 7. d4 Qc7 8. dxc5 dxc5 9. Na3 a6 10. Nc4 0-0 11. Bf4 e5 12. Bxe5 Bxe5 13. Ncxe5 Be6 14. Nd3 Rd8 15. Qe2 Nbc6 16. Rfd1 c4 17. Nf4 Bg4 18. h3 Bxf3 19. Bxf3 Ne5 20. Bg2 Qc5 21. Rxd8+ Rxd8 22. Rd1 Re8 23. Qd2 N7c6 24. Nd5 Kg7 25. Kh2 Nd3 26. f4 Rd8 27. b3 b5 28. f5 h6 29. bxc4 bxc4 30. fxg6 fxg6 31. Rb1 Rd7 32. Nf4 Nce5 33. Ne6+ 1-0

[Event "Chorzow Bak Memorial op"]
[Site "Chorzow"]
[Date "2010.11.13"]
[Round "2"]
[White "Matuszczyk, Krystian"]
[Black "Kalinin, Oleg"]
[Result "0-1"]
[WhiteElo "2049"]
[BlackElo "2373"]
[PlyCount "134"]
[EventDate "2010.11.13"]
[EventType "swiss"]
[EventRounds "9"]
[EventCountry "POL"]
[SourceTitle "EXT 2012"]
[Source "ChessBase"]
[SourceDate "2011.11.24"]
[SourceVersion "1"]
[SourceVersionDate "2011.11.24"]
[SourceQuality "1"]

1. e4 c5 2. Nf3 a6 3. c4 e6 4. Nc3 b6 5. d4 cxd4 6. Nxd4 Bb7 7. Bd3 d6 8. 0-0 Nf6 9. a3 Be7 10. Re1 0-0 11. h3 Nbd7 12. Nf3 Rc8 13. Bf4 Qc7 14. Rc1 Qb8 15. Qe2 Ne5 16. Nxe5 dxe5 17. Bg5 Rfe8 18. Nb1 Nd7 19. Be3 Nc5 20. Bxc5 Bxc5 21. Nd2 a5 22. Rb1 a4 23. b4 axb3 24. Rxb3 Bc6 25. Bb1 Qa7 26. Nf3 f6 27. Bc2 Ra8 28. Ra1 Qe7 29. Rb2 Ra5 30. a4 Qd7 31. Rd1 Qa7 32. Ra2 Bxa4 33. Bxa4 Rxa4 34. Rad2 Ra1 35. Kh2 Rxd1 36. Qxd1 Qa8 37. Qe2 Rd8 38. Ra2 Qc6 39. Ra7 Ra8 40. Rxa8+ Qxa8 41. g4 h6 42. Kg2 Qa1 43. Ne1 Qc3 44. Nf3 Kf7 45. Ne1 Ke7 46. Nf3 Ba3 47. Ne1 Qb2 48. Qxb2 Bxb2 49. Kf3 g6 50. Ke2 f5 51. f3 Bd4 52. Kd3 Bf2 53. Nc2 Kf6 54. Ke2 Bc5 55. Ne1 Kg5 56. Ng2 Bb4 57. Kd3 Kf6 58. Ke2 Bc3 59. Kd3 Ba5 60. Ke2 f4 61. Kd3 g5 62. Kc2 Ke7 63. Kd3 Kd6 64. Kc2 Kc5 65. Kd3 Kb4 66. Ne1 Kb3 67. Nc2 Kb2 0-1

[Event "POL-ch disabled"]
[Site "Rowy"]
[Date "2009.09.07"]
[Round "9.2"]
[White "Wojcieszyn, Jacenty"]
[Black "Matuszczyk, Krystian"]
[Result "1-0"]
[WhiteElo "2283"]
[BlackElo "2006"]
[PlyCount "47"]
[EventDate "2009.09.01"]
[EventType "swiss"]
[EventRounds "9"]
[EventCountry "POL"]
[SourceTitle "EXT 2023"]
[Source "ChessBase"]
[SourceDate "2022.10.05"]
[SourceVersion "1"]
[SourceVersionDate "2022.10.05"]
[SourceQuality "1"]

1. d4 Nf6 2. c4 g6 3. Nc3 Bg7 4. e4 0-0 5. h3 d6 6. Bg5 h6 7. Be3 e5 8. d5 c5 9. g4 a6 10. Bd3 Qa5 11. f3 b5 12. cxb5 Bd7 13. bxa6 Nxa6 14. Nge2 Rfb8 15. Qd2 Rb4 16. a3 Rd4 17. Bxd4 exd4 18. Nb5 Qb6 19. a4 Nb4 20. 0-0 Nh7 21. b3 Nf8 22. Na3 g5 23. Nc4 Qc7 24. f4 1-0

[Event "POL-ch disabled"]
[Site "Rowy"]
[Date "2009.09.03"]
[Round "4.6"]
[White "Pipala, Janusz"]
[Black "Matuszczyk, Krystian"]
[Result "1/2-1/2"]
[WhiteElo "1959"]
[BlackElo "2006"]
[PlyCount "124"]
[EventDate "2009.09.01"]
[EventType "swiss"]
[EventRounds "9"]
[EventCountry "POL"]
[SourceTitle "EXT 2023"]
[Source "ChessBase"]
[SourceDate "2022.10.05"]
[SourceVersion "1"]
[SourceVersionDate "2022.10.05"]
[SourceQuality "1"]

1. d4 d5 2. c4 e6 3. cxd5 exd5 4. Bf4 Nf6 5. e3 Bd6 6. Bxd6 Qxd6 7. Bd3 0-0 8. Nc3 a6 9. Nf3 h6 10. Qc2 Be6 11. 0-0 Nbd7 12. a3 c5 13. dxc5 Nxc5 14. Bf5 Rab8 15. Rac1 Ncd7 16. Rcd1 Qb6 17. Nd4 Nc5 18. Qe2 Rfe8 19. Nxe6 fxe6 20. Bb1 Ncd7 21. Rd4 Qc7 22. e4 Qc5 23. Rb4 Qc7 24. Rd1 Ne5 25. exd5 exd5 26. Nxd5 Nxd5 27. Ba2 Kh8 28. Bxd5 Nc6 29. Re4 Rf8 30. Ba2 Rbd8 31. Rxd8 Qxd8 32. h3 Qd7 33. Bb1 Rd8 34. Bc2 Nd4 35. Qd3 Nxc2 36. Qxc2 Rf8 37. Qe2 Qc6 38. g3 Qc1+ 39. Kg2 Qc6 40. Qc4 Qb6 41. Qd4 Qc6 42. Qc4 Qb6 43. Re2 Qf6 44. Qe4 Qf7 45. f3 Qb3 46. h4 a5 47. Qe3 Qb5 48. Qe7 Rc8 49. Rd2 Re8 50. Qd7 Re2+ 51. Kh3 Qxd7+ 52. Rxd7 Rxb2 53. a4 Kg8 54. h5 Kf8 55. f4 Rb4 56. Kg4 b5 57. Rd5 bxa4 58. Rxa5 Kf7 59. Kf5 Rb3 60. Ra7+ Kg8 61. Kg4 a3 62. Kh4 Kf8 1/2-1/2

[Event "POL-ch disabled"]
[Site "Rowy"]
[Date "2009.09.02"]
[Round "2.12"]
[White "Kardasz, Wladyslaw"]
[Black "Matuszczyk, Krystian"]
[Result "0-1"]
[WhiteElo "1917"]
[BlackElo "2006"]
[PlyCount "74"]
[EventDate "2009.09.01"]
[EventType "swiss"]
[EventRounds "9"]
[EventCountry "POL"]
[SourceTitle "EXT 2023"]
[Source "ChessBase"]
[SourceDate "2022.10.05"]
[SourceVersion "1"]
[SourceVersionDate "2022.10.05"]
[SourceQuality "1"]

1. e4 c5 2. Nf3 d6 3. c3 a6 4. d4 Qc7 5. Be3 e6 6. Be2 Nf6 7. Nbd2 Nbd7 8. a4 Be7 9. 0-0 0-0 10. Ne1 b6 11. f4 Bb7 12. Bf3 Rac8 13. Nd3 cxd4 14. Bxd4 e5 15. Be3 d5 16. Nxe5 Nxe5 17. fxe5 Qxe5 18. Bd4 Qg5 19. e5 Ne4 20. Nb3 Bc5 21. Qe2 Bxd4+ 22. cxd4 Rc7 23. Rac1 Rfc8 24. Rxc7 Rxc7 25. Rd1 h6 26. a5 bxa5 27. Nxa5 Bc8 28. Bxe4 dxe4 29. Qxe4 Bf5 30. Qe1 Rc2 31. Qg3 Rc1 32. Qe1 Be4 33. g3 Rxd1 34. Qxd1 Qe3+ 35. Kf1 Bd3+ 36. Kg2 Qxd4 37. Qe1 Qxb2+ 0-1

[Event "Siemianowice op"]
[Site "Siemianowice"]
[Date "2008.12.09"]
[Round "2.5"]
[White "Matuszczyk, Krystian"]
[Black "Klementys, Jerzy"]
[Result "1-0"]
[WhiteElo "1981"]
[BlackElo "1877"]
[PlyCount "69"]
[EventDate "2008.12.08"]
[EventType "swiss"]
[EventRounds "9"]
[EventCountry "POL"]
[SourceTitle "EXT 2023"]
[Source "ChessBase"]
[SourceDate "2022.10.05"]
[SourceVersion "1"]
[SourceVersionDate "2022.10.05"]
[SourceQuality "1"]

1. e4 c5 2. Nf3 d6 3. d4 cxd4 4. Nxd4 Nf6 5. Nc3 a6 6. Bc4 e6 7. Bb3 Qc7 8. 0-0 Be7 9. Kh1 0-0 10. f4 Nc6 11. f5 Nxd4 12. Qxd4 e5 13. Qd3 b5 14. a3 Bb7 15. Bg5 Rfd8 16. Bxf6 Bxf6 17. h3 Rac8 18. Rad1 Be7 19. Qg3 Kf8 20. Qg4 h6 21. Rd3 Rd7 22. Be6 Bf6 23. Bxd7 Qxd7 24. Rfd1 Rc6 25. Nd5 Qd8 26. c3 Be7 27. f6 Bxf6 28. Qf5 Be7 29. Qh7 f6 30. Rg3 g5 31. Qxh6+ Ke8 32. Qg6+ Kd7 33. Qf5+ Ke8 34. Qe6 Kf8 35. Rxg5 1-0

[Event "Chorzow Bak Memorial op"]
[Site "Chorzow"]
[Date "2008.11.16"]
[Round "2"]
[White "Koziak, Vitali"]
[Black "Matuszczyk, Krystian"]
[Result "1/2-1/2"]
[WhiteElo "2463"]
[BlackElo "1981"]
[PlyCount "68"]
[EventDate "2008.11.15"]
[EventType "swiss"]
[EventRounds "9"]
[EventCountry "POL"]
[SourceTitle "EXT 2010"]
[Source "ChessBase"]
[SourceDate "2010.11.25"]
[SourceVersion "1"]
[SourceVersionDate "2010.11.25"]
[SourceQuality "1"]

1. d4 d5 2. c4 e6 3. Nc3 Nf6 4. cxd5 exd5 5. Bg5 Be7 6. e3 0-0 7. Qc2 Nbd7 8. Bd3 h6 9. Bf4 a6 10. Nf3 c5 11. dxc5 Nxc5 12. 0-0 Bd6 13. Bxd6 Qxd6 14. Rac1 Nxd3 15. Qxd3 Be6 16. e4 Qd7 17. e5 Ne4 18. Nd4 Nc5 19. Qe3 Ne4 20. Nce2 Rac8 21. f3 Rxc1 22. Rxc1 Ng5 23. Rf1 Bf5 24. h4 Nh7 25. Ng3 Be6 26. f4 Bg4 27. f5 Re8 28. h5 Qe7 29. Qf4 Qg5 30. Qxg5 hxg5 31. Re1 Nf6 32. Kf2 Nxh5 33. Nxh5 Bxh5 34. Re3 Rc8 1/2-1/2

[Event "Zabrze Spring op"]
[Site "Zabrze"]
[Date "2007.05.27"]
[Round "8"]
[White "Niedzwiedz, Marek"]
[Black "Matuszczyk, Krystian"]
[Result "1-0"]
[WhiteElo "2022"]
[BlackElo "2029"]
[PlyCount "67"]
[EventDate "2007.05.22"]
[EventType "swiss"]
[EventRounds "10"]
[EventCountry "POL"]
[SourceTitle "EXT 2011"]
[Source "ChessBase"]
[SourceDate "2010.11.26"]
[SourceVersion "1"]
[SourceVersionDate "2010.11.26"]
[SourceQuality "1"]

1. e4 c5 2. Nf3 d6 3. d4 cxd4 4. Nxd4 Nf6 5. Nc3 a6 6. Be2 e5 7. Nb3 Be6 8. 0-0 Be7 9. Kh1 Nbd7 10. f4 exf4 11. Bxf4 Ne5 12. Nd4 0-0 13. Nxe6 fxe6 14. Bxe5 dxe5 15. Bd3 Qc7 16. Qe2 Rac8 17. Nd1 Bc5 18. Ne3 Bxe3 19. Qxe3 Rf7 20. Qh3 Qc6 21. Rf2 Rcf8 22. Raf1 g6 23. b3 b5 24. a4 h5 25. axb5 axb5 26. Qg3 Ng4 27. Rxf7 Rxf7 28. Rxf7 Kxf7 29. h3 Nf6 30. Qxe5 b4 31. Qg3 Nd7 32. e5 Nf8 33. Qf4+ Ke8 34. Qf6 1-0

[Event "Zabrze Spring op"]
[Site "Zabrze"]
[Date "2007.05.24"]
[Round "3"]
[White "Matuszczyk, Krystian"]
[Black "Kielar, Maciej"]
[Result "0-1"]
[WhiteElo "2029"]
[BlackElo "1940"]
[PlyCount "82"]
[EventDate "2007.05.22"]
[EventType "swiss"]
[EventRounds "10"]
[EventCountry "POL"]
[SourceTitle "EXT 2011"]
[Source "ChessBase"]
[SourceDate "2010.11.26"]
[SourceVersion "1"]
[SourceVersionDate "2010.11.26"]
[SourceQuality "1"]

1. e4 e6 2. d4 d5 3. Nc3 Nf6 4. Bd3 Be7 5. Nf3 c5 6. e5 Nfd7 7. 0-0 Nc6 8. Re1 a6 9. Nxd5 exd5 10. e6 fxe6 11. Ng5 Nf6 12. Nxh7 Nxh7 13. Qh5+ Kd7 14. Bxh7 Kc7 15. Bf4+ Kb6 16. dxc5+ Bxc5 17. Qg6 Qf6 18. Bg3 Rf8 19. Qxf6 gxf6 20. c3 e5 21. b4 Bd6 22. f3 Be6 23. a4 Kc7 24. Red1 Rae8 25. Bd3 a5 26. b5 Bc5+ 27. Kf1 Ne7 28. Bf2 Bxf2 29. Kxf2 Rh8 30. h3 Rh4 31. Rdc1 Nf5 32. g4 Nd6 33. Kg3 Reh8 34. Rh1 f5 35. Bc2 fxg4 36. fxg4 Ne4+ 37. Kg2 Ng5 38. b6+ Kd6 39. Raf1 Rxh3 40. Rxh3 Nxh3 41. Kg3 Nf4 0-1

[Event "POL-chT3 Liga Slaska"]
[Site "Poland"]
[Date "2007.05.12"]
[Round "8"]
[White "Matuszczyk, Krystian"]
[Black "Jacel, Lukasz"]
[Result "1-0"]
[WhiteElo "2029"]
[BlackElo "1893"]
[PlyCount "97"]
[EventDate "2007.01.28"]
[EventType "team-swiss"]
[EventRounds "9"]
[EventCountry "POL"]
[SourceTitle "EXT 2011"]
[Source "ChessBase"]
[SourceDate "2010.11.26"]
[SourceVersion "1"]
[SourceVersionDate "2010.11.26"]
[SourceQuality "1"]
[WhiteTeam "Szopienice HetMaN"]
[BlackTeam "Gliwice Carbo"]
[WhiteTeamCountry "POL"]
[BlackTeamCountry "POL"]

1. e4 Nc6 2. d4 d5 3. e5 Bf5 4. Bd3 Nxd4 5. Bxf5 Nxf5 6. g4 Nfh6 7. Nc3 e6 8. h4 Bc5 9. Bf4 d4 10. Ne4 Qd5 11. Qf3 0-0-0 12. Nxc5 Qxc5 13. Ne2 f5 14. exf6 gxf6 15. Bxh6 Nxh6 16. 0-0-0 f5 17. g5 Ng4 18. Nf4 Qd6 19. Rde1 e5 20. Nh5 Rhf8 21. Ng3 e4 22. Nxe4 Qd5 23. Nd2 Qxf3 24. Nxf3 Nxf2 25. Rhf1 Ne4 26. Ne5 Rde8 27. Nd3 b6 28. Rf3 Kd7 29. Ref1 Nd6 30. h5 c5 31. b3 Re2 32. Rg1 Rh2 33. Nf4 Ne4 34. g6 hxg6 35. hxg6 Nc3 36. Kb2 a5 37. Nd3 Ke6 38. g7 Rg8 39. Rg6+ Kf7 40. Ne5+ Ke7 41. Rxf5 Rh1 42. Rf7+ Kd8 43. Rd7+ Kc8 44. Rc6+ Kb8 45. Rxb6+ Kc8 46. Rc6+ Kb8 47. Rxc5 Rb1+ 48. Ka3 Rc1 49. Rxa5 1-0

[Event "POL-chT3 Liga Slaska"]
[Site "Poland"]
[Date "2007.02.11"]
[Round "4"]
[White "Koszyk, Mariusz"]
[Black "Matuszczyk, Krystian"]
[Result "1-0"]
[WhiteElo "1919"]
[BlackElo "2029"]
[PlyCount "67"]
[EventDate "2007.01.28"]
[EventType "team-swiss"]
[EventRounds "9"]
[EventCountry "POL"]
[SourceTitle "EXT 2011"]
[Source "ChessBase"]
[SourceDate "2010.11.26"]
[SourceVersion "1"]
[SourceVersionDate "2010.11.26"]
[SourceQuality "1"]
[WhiteTeam "Ruda Slaska KS DORS"]
[BlackTeam "Szopienice HetMaN"]
[WhiteTeamCountry "POL"]
[BlackTeamCountry "POL"]

1. c4 g6 2. g3 Bg7 3. Bg2 Nf6 4. Nc3 0-0 5. d3 d6 6. e4 c6 7. Nge2 Nbd7 8. 0-0 e5 9. Qc2 Re8 10. h3 h6 11. f4 exf4 12. Bxf4 Ne5 13. b3 g5 14. Bd2 Ng6 15. Rae1 Bd7 16. Qc1 Rc8 17. Kh2 Qc7 18. Nd1 Ne5 19. Qc2 Qd8 20. Ne3 Ng6 21. Rf2 d5 22. exd5 cxd5 23. Nxd5 Nxd5 24. Bxd5 Ne5 25. d4 Bc6 26. Bxc6 Nxc6 27. d5 Ne5 28. Bc3 Qd7 29. Ref1 f6 30. Bxe5 Rxe5 31. Qg6 f5 32. Nd4 f4 33. gxf4 Re3 34. Nf5 1-0

[Event "POL-chT3"]
[Site "Poland"]
[Date "2002.??.??"]
[Round "?"]
[White "Matuszczyk, Krystian"]
[Black "Banasik, Henryk"]
[Result "1-0"]
[WhiteElo "2081"]
[BlackElo "2147"]
[PlyCount "103"]
[EventDate "2002.??.??"]
[EventType "team"]
[EventRounds "9"]
[EventCountry "POL"]
[SourceTitle "EXT 2006"]
[Source "ChessBase"]
[SourceDate "2005.11.24"]
[SourceVersion "1"]
[SourceVersionDate "2005.11.24"]
[SourceQuality "1"]

1. e4 c5 2. Nf3 Nc6 3. d4 cxd4 4. Nxd4 Nf6 5. Nc3 e5 6. Ndb5 d6 7. Bg5 a6 8. Na3 b5 9. Nd5 Be7 10. Bxf6 Bxf6 11. c3 Bg5 12. Nc2 0-0 13. Be2 g6 14. 0-0 Bh6 15. a4 bxa4 16. Rxa4 Bb7 17. b4 Kh8 18. Nce3 f5 19. Nc4 fxe4 20. Ndb6 e3 21. f3 d5 22. Nxd5 Nd4 23. cxd4 Bxd5 24. Nxe5 Qd6 25. g3 Bg7 26. f4 Rfb8 27. Qd3 Rxb4 28. Rxb4 Qxb4 29. Qxe3 a5 30. f5 gxf5 31. Rxf5 Qb1+ 32. Rf1 Qb7 33. Bf3 Rf8 34. Bxd5 Rxf1+ 35. Kxf1 Qxd5 36. Nf3 h6 37. Ke2 Qc4+ 38. Qd3 Qe6+ 39. Kd2 Bf8 40. d5 Bb4+ 41. Kc2 Qd7 42. Nh4 Qc7+ 43. Kb3 Qc1 44. Ka4 Qa1+ 45. Kb5 Qb2 46. Kc6 Qc1+ 47. Kd7 Qg5 48. d6 Kg7 49. Nf5+ Kf6 50. Ne7 Qg4+ 51. Kc6 a4 52. Nd5+ 1-0

[Event "POL-chT Region"]
[Site "Poland"]
[Date "1999.??.??"]
[Round "?"]
[White "Matuszczyk, Krystian"]
[Black "Antonczyk, Adam"]
[Result "1/2-1/2"]
[WhiteElo "2090"]
[BlackElo "2318"]
[PlyCount "53"]
[EventDate "1999.??.??"]
[EventType "team"]
[EventRounds "13"]
[EventCountry "POL"]
[SourceTitle "EXT 2002"]
[Source "ChessBase"]
[SourceDate "2001.11.25"]
[SourceVersion "1"]
[SourceVersionDate "2001.11.25"]
[SourceQuality "1"]

1. c4 e6 2. d4 Nf6 3. Nc3 d5 4. e3 c5 5. Nf3 Nc6 6. a3 Ne4 7. Bd3 Nxc3 8. bxc3 dxc4 9. Bxc4 cxd4 10. cxd4 b5 11. Bd3 Bb7 12. 0-0 a6 13. Bb2 Be7 14. Rc1 Rc8 15. Qe2 0-0 16. Rfd1 Bf6 17. Bb1 g6 18. Nd2 Na5 19. Rxc8 Qxc8 20. Rc1 Qa8 21. f3 Rc8 22. Rd1 Qb8 23. Bd3 Qd6 24. Be4 Bd5 25. Bd3 Bb7 26. Be4 Bd5 27. Bd3 1/2-1/2

[Event "POL-chT Region"]
[Site "Poland"]
[Date "1999.??.??"]
[Round "?"]
[White "Matuszczyk, Krystian"]
[Black "Niwinski, Wlodzimierz"]
[Result "1-0"]
[WhiteElo "2090"]
[BlackElo "2086"]
[PlyCount "90"]
[EventDate "1999.??.??"]
[EventType "team"]
[EventRounds "13"]
[EventCountry "POL"]
[SourceTitle "EXT 2002"]
[Source "ChessBase"]
[SourceDate "2001.11.25"]
[SourceVersion "1"]
[SourceVersionDate "2001.11.25"]
[SourceQuality "1"]

1. Nf3 Nf6 2. g3 d5 3. Bg2 c6 4. 0-0 Bf5 5. d3 e6 6. Nbd2 h6 7. c4 Be7 8. b3 0-0 9. Bb2 a5 10. a4 Na6 11. h3 Bh7 12. Ne5 Re8 13. Kh2 Nb4 14. Ndf3 Nd7 15. Ng4 Nf6 16. Nfe5 Nxg4+ 17. Nxg4 f6 18. Qd2 e5 19. f4 e4 20. dxe4 dxe4 21. Qc3 Qb6 22. Rad1 Rad8 23. Nf2 Rxd1 24. Nxd1 Bc5 25. g4 Na2 26. Qc2 Nb4 27. Qb1 e3 28. f5 Rd8 29. Qe4 Kh8 30. Bc1 Qc7+ 31. Kh1 Qg3 32. Bxe3 Bd6 33. Bg1 Qxb3 34. Ne3 Be5 35. Rb1 Qa2 36. Nf1 Bg8 37. Rc1 Qxa4 38. g5 hxg5 39. h4 g4 40. Qxg4 Na2 41. Qh5+ Bh7 42. Rb1 Nb4 43. Ne3 Nc2 44. Ng4 Qxc4 45. Nxe5 fxe5 1-0

[Event "Katowice op"]
[Site "Katowice"]
[Date "1995.??.??"]
[Round "1"]
[White "Matuszczyk, Krystian"]
[Black "Dmitriev, Igor"]
[Result "0-1"]
[WhiteElo "2125"]
[BlackElo "2435"]
[PlyCount "60"]
[EventDate "1995.??.??"]
[EventType "swiss"]
[EventRounds "9"]
[EventCountry "POL"]
[SourceTitle "EXT 2000"]
[Source "ChessBase"]
[SourceDate "1999.11.16"]
[SourceVersion "1"]
[SourceVersionDate "1999.11.16"]
[SourceQuality "1"]

1. e4 c6 2. d4 d5 3. Nc3 g6 4. Nf3 Nf6 5. e5 Nh5 6. Be2 f6 7. 0-0 Nd7 8. Re1 fxe5 9. dxe5 Nc5 10. Ng5 Ng7 11. Bg4 Nce6 12. Nh3 Qb6 13. Rb1 Bd7 14. Bg5 0-0-0 15. Bh4 h6 16. Bg3 g5 17. Kh1 h5 18. Bxe6 Nxe6 19. f3 Bh6 20. Bf2 Qa6 21. a4 d4 22. Ne4 c5 23. b4 Bxa4 24. Qd2 g4 25. Nhg5 Nxg5 26. Nxc5 Qc6 27. Nxa4 Qxa4 28. Ra1 Qc6 29. Rxa7 Nxf3 30. b5 Bxd2 0-1